The Straits Times

Detalles Bibliográficos
Formato: eBook
Lenguaje:inglés
Publicado: [S.l.] : Singapore Press Holdings Limited, 2011 -
Materias:
Acceso en línea:Acceso restringido

MARC

LEADER 00000nam a22000007a 4500
005 20140325181629.0
007 cr|||| ||||
008 140325c20119999sg |||| s|||| 0||| 1eng d
035 |a 7328 
040 |a vLex 
090 |c 4732  |d 4732 
245 0 0 |a The Straits Times   |h [Recurso electrn̤ico] 
256 |a Servicio en ln̕ea 
260 |a [S.l.] :  |b Singapore Press Holdings Limited,  |c 2011 - 
300 |a 1 recurso electrn̤ico 
310 |a Diaria 
506 1 |a Contenido solo disponible en los productos indicados  |d vLex Global  |d vLex Global (Academic Edition, excluding Law Schools)  |d vLex Global (U.S. Academic Edition, excluding Law Schools) 
650 0 4 |a Diarios  |z Singapur 
740 0 |a vLex Revistas (Servicio en ln̕ea) 
856 4 0 |u http://vlex.com/source/7328/section/001  |z Acceso restringido 
942 |c REV 
999 0 |a Newspapers